000 00942cab a2200229 4500
001 WB3520-45
008 090401t1999 xxu||||| |||| 00| 0 eng d
035 _a(Sirsi) u93604
041 _aeng
245 _aCaution urged on roads toll scheme
260 _c1999
350 _a0
490 _aHerald
_v27 May 1999, 5(1)
520 _aEdinburgh is planning to introduce road tolls which could cost drivers £1 for access to the city centre. The scheme would form a joint bid with Copenhagen and Turin for European money, and the funds generated could be spent by the city on improving public transport for ten years, before the revenue reverted to central government. A pilot scheme could be in place by 2001, with a permanent system by 2004.
650 _aCITY CENTRES
650 _aEDINBURGH
650 _aPUBLIC TRANSPORT
650 _aROAD TOLLS
690 _aTRANSPORT AND COMMUNICATIONS
942 _n0
948 _c27/05/1999
999 _c59321
_d59321